<?xml version="1.0" encoding="UTF-8"?>
<collection xmlns="http://www.loc.gov/MARC21/slim">
<record>
  <controlfield tag="001">6831</controlfield>
  <controlfield tag="005">20240217085656.0</controlfield>
  <datafield tag="037" ind1=" " ind2=" ">
    <subfield code="a">CTALK-2024-0081</subfield>
  </datafield>
  <datafield tag="100" ind1=" " ind2=" ">
    <subfield code="a">Hakim, Kaustubh</subfield>
  </datafield>
  <datafield tag="245" ind1=" " ind2=" ">
    <subfield code="a">Interior-Atmosphere Interactions of Sub-Neptunes</subfield>
  </datafield>
  <datafield tag="260" ind1=" " ind2=" ">
    <subfield code="c">2023</subfield>
  </datafield>
  <datafield tag="269" ind1=" " ind2=" ">
    <subfield code="c">2023-10-10</subfield>
  </datafield>
  <datafield tag="520" ind1=" " ind2=" ">
    <subfield code="a">Sub-Neptunes are one of the most common exoplanets in the galaxy with no analogues in the solar system. Because they are largely rock by mass and gas by volume, unlike rocky planets that are rock by mass and by volume and gas giants that are mostly gas. This distinction puts the interior-atmosphere boundary of sub-Neptunes in a physicochemical regime that is largely unexplored. In this presentation, I will introduce the topic of interior-atmosphere interactions of sub-Neptunes. I will present an avenue to detect geochemical signatures of sub-Neptunes by following a closed chemical network for reactions between the gas and rock at the interior-atmosphere boundary. This has implications for understanding the interior structure and composition of sub-Neptunes.</subfield>
  </datafield>
  <datafield tag="594" ind1=" " ind2=" ">
    <subfield code="a">NO</subfield>
  </datafield>
  <datafield tag="773" ind1=" " ind2=" ">
    <subfield code="t">BINA/BIPASS Meeting, Brussels, Belgium</subfield>
  </datafield>
  <datafield tag="856" ind1="0" ind2=" ">
    <subfield code="f">kaustubh.hakim@ksb-orb.be</subfield>
  </datafield>
  <datafield tag="906" ind1=" " ind2=" ">
    <subfield code="a">Invited</subfield>
  </datafield>
  <datafield tag="980" ind1=" " ind2=" ">
    <subfield code="a">CTALKINVI</subfield>
  </datafield>
</record>
</collection>